Introducción al estudio del derecho / (Registro nro. 18649)

Detalles MARC
000 -LEADER
fixed length control field 01088nam a2200313 4500
001 - CONTROL NUMBER
control field 0000013542
003 - CONTROL NUMBER IDENTIFIER
control field CO-CtgCURN
005 - DATE AND TIME OF LATEST TRANSACTION
control field 20250508193828.0
007 - PHYSICAL DESCRIPTION FIXED FIELD--GENERAL INFORMATION
fixed length control field ta
008 - FIXED-LENGTH DATA ELEMENTS--GENERAL INFORMATION
fixed length control field 160627s1990 000 0 eng d
040 ## - CATALOGING SOURCE
Original cataloging agency CO-CtgCURN
Language of cataloging spa
Transcribing agency coctgcurn
082 0# - DEWEY DECIMAL CLASSIFICATION NUMBER
Classification number 340
Item number G17i
100 1# - MAIN ENTRY--PERSONAL NAME
Personal name García Maynez, Eduardo.
245 10 - TITLE STATEMENT
Title Introducción al estudio del derecho /
Statement of responsibility, etc. Eduardo García Maynez.
250 ## - EDITION STATEMENT
Edition statement 37a ed.
260 ## - PUBLICATION, DISTRIBUTION, ETC.
Place of publication, distribution, etc. Medellin :
Name of publisher, distributor, etc. Abogados Asociados,
Date of publication, distribution, etc. 1990.
300 ## - PHYSICAL DESCRIPTION
Extent xv, 444 p.
336 ## - CONTENT TYPE
Source rdacontent
337 ## - MEDIA TYPE
Source rdamedia
Media type term sin mediacion
Media type code n
338 ## - CARRIER TYPE
Source rdacarrier
Carrier type term volumen
Carrier type code nc
504 ## - BIBLIOGRAPHY, ETC. NOTE
Bibliography, etc. note Notas bibliograficas al pie de pagina.
505 8# - FORMATTED CONTENTS NOTE
Formatted contents note La nocion del derecho.--Las disciplinas juridicas.--Los conceptos jurídicos fundamentales.--La tecnica juridica
650 14 - SUBJECT ADDED ENTRY--TOPICAL TERM
Topical term or geographic name entry element Derecho natural.
908 ## - PUT COMMAND PARAMETER (RLIN)
Put command parameter 160627
942 ## - ADDED ENTRY ELEMENTS (KOHA)
Koha item type Libros
Classification part 340
Item part G17i
Source of classification or shelving scheme Dewey Decimal Classification
Suppress in OPAC No
Existencias
Withdrawn status Lost status Source of classification or shelving scheme Damaged status Not for loan Collection Home library Current library Shelving location Date acquired Inventory number Total checkouts Full call number Barcode Date last seen Copy number Price effective from Koha item type Public note
    Dewey Decimal Classification     General Miguel Henríquez Castañeda Miguel Henríquez Castañeda General 03/31/2025 003316   340 G17i 003316 03/31/2025 ej.1 03/31/2025 Libros 340-DEREC
    Dewey Decimal Classification     General Miguel Henríquez Castañeda Miguel Henríquez Castañeda General 03/31/2025 003353   340 G17i 003353 03/31/2025 ej.2 03/31/2025 Libros 340-DEREC
    Dewey Decimal Classification     General Miguel Henríquez Castañeda Miguel Henríquez Castañeda General 03/31/2025 003389   340 G17i 003389 03/31/2025 ej.3 03/31/2025 Libros 340-DEREC